| 000 | 01389cad a22002535a 4500 | ||
|---|---|---|---|
| 001 | E149126 | ||
| 008 | 100114s2010 xxk f s000 0 eng d | ||
| 020 | _a9781406159677 | ||
| 035 | _a(Sirsi) u149126 | ||
| 041 | 0 | _aeng | |
| 050 | 0 | 4 | _a306.1 $2 18 |
| 110 | 2 |
_aScotland _bScottish Government _95344 |
|
| 245 | 0 | 0 |
_aHousing (Scotland) Bill _b(as introduced) _h[electronic resource] |
| 260 |
_a[Edinburgh] _bScottish Parliamentary Corporate Body _c2010 |
||
| 490 | 0 |
_aSP Bill _v(36) |
|
| 520 | _aA Bill introduced on 13 January 2010, which seeks to ensure the supply of social housing by reforming the Right to Buy system and modernising social housing regulation. Parts 1-10 of the Bill replace and update the regulatory framework set up by the Housing (Scotland) Act 2001 and Part 3 of the Housing (Scotland) Act 1988. The Bill also addresses issues relating to landlord registration and the licensing of houses in multiple occupation (HMOs), and improves local authority powers to deal with disrepair in privately owned houses. | ||
| 521 | _aAdvanced | ||
| 590 | _aKA | ||
| 650 | 2 | 4 | _aHOUSING (SCOTLAND) BILL |
| 651 | 4 |
_aScotland _y1999- |
|
| 690 | _aPROPERTY-RESIDENTIAL PROPERTY-DOMESTIC RESIDENTIAL PROPERTY-HOUSING | ||
| 856 | 4 | 0 |
_uhttps://www.scottish.parliament.uk/s3/bills/36-Housing/index.htm _zView the Bill free of charge at www.scottish.parliament.uk... |
| 942 | _n0 | ||
| 999 |
_c110376 _d110376 |
||